000 00704cab a22002175a 4500
001 L155040
008 120221e20120217xxk f 000 0 eng d
035 _a(Sirsi) u155040
041 0 _aeng
100 1 _aKlein, Rudi
245 0 0 _aModel behaviour
260 _c2012
490 0 _aBuilding
_v277(8715) 17 February 2012, 45(1)
520 _aOverview of the kinds of legal issues around liability that BIM (building information modelling) could throw up when a project goes wrong. A BIM implementationn plan should be agreed at the outset.
590 _aKA
650 2 4 _aBIM
_96219
650 2 4 _aBUILDING INFORMATION MODELLING
651 4 _aUnited Kingdom
_y
690 _aBIM
_96219
942 _n0
999 _c83794
_d83794